Iniciaciones. Libro activo de primeras nociones.

Gespeichert in:
Bibliographische Detailangaben
1. Verfasser: Fernández Rodríguez, Antonio. Autor
Format: keine Angabe
Sprache:Spanisch
Erschienen: Barcelona M.A. Salvatella 1940
Ausgabe:
Katalog:MANES:  Suchergebnis im Bibliothekskatalog
Schulbuchspezifische Eigenschaften:
Tags: Tag hinzufügen
Keine Tags, Fügen Sie den ersten Tag hinzu!
Hinzugefügt zu:26.04.2016
Geändert in:07.05.2025

MARC

LEADER 000000000a22000000004500
001 07690
003 OSt
005 20250507133321.0
008 160427s sp ||||| |||| 00| 0 spa d
040 |c centro_manes 
041 1 |a spa 
561 |5 es-CICE  |a España. Centro Internacional de la Cultura Escolar  |k MANES 
691 0 |a PRI 
100 1 |a Fernández Rodríguez, Antonio. Autor  |9 2610 
245 0 0 |a Iniciaciones. Libro activo de primeras nociones. 
250 |a 3ª 
260 3 |a Barcelona  |b M.A. Salvatella  |c 1940 
300 |a 187 p.  |c 20,5 x 14 cm 
500 |a Editado en Cartoné. 
690 0 |a CN 
942 |2 ddc  |c BK 
546 |a España 
999 |c 13664  |d 13664 
999 |c manes:13664  |d 13664